All 100k+ Cities in the European Union with a Map - Statistics

General Stats
  • This quiz has been taken 2,953 times
    2,559 since last reset
  • The average score is 187 of 393
Answers on the Map
Answers color-coded by a green-red scale on the quiz's map according to % correct below.
 
Answer Stats
Cities Population Country % Correct
Dublin 1,173,179 Ireland
95%
Paris 10,212,519 France
94%
Lisbon 1,739,586 Portugal
92%
Madrid 3,495,111 Spain
92%
Rome 2,904,080 Italy
92%
Barcelona 2,529,507 Spain
91%
Berlin 3,848,333 Germany
91%
Helsinki 1,286,172 Finland
91%
Stockholm 1,734,973 Sweden
91%
Athens 3,210,215 Greece
90%
Copenhagen 1,320,629 Denmark
90%
Hamburg 2,108,426 Germany
90%
Milan 4,155,200 Italy
90%
Prague 1,308,632 Czech Republic
90%
Riga 632,614 Latvia
90%
Vienna 1,911,728 Austria
90%
Warsaw 1,777,972 Poland
90%
Amsterdam 1,027,401 Netherlands
89%
Bucharest 1,989,461 Romania
89%
Budapest 1,973,157 Hungary
89%
Lyon 1,343,900 France
89%
Marseille 985,862 France
89%
Munich 1,638,536 Germany
89%
Naples 2,922,152 Italy
89%
Porto 1,177,286 Portugal
89%
Sofia 1,241,675 Bulgaria
89%
Brussels 1,491,295 Belgium
88%
Tallinn 434,562 Estonia
88%
Vilnius 551,020 Lithuania
88%
Nice 483,885 France
87%
Rotterdam 863,520 Netherlands
87%
Zagreb 757,585 Croatia
87%
Frankfurt am Main 746,376 Germany
86%
Turin 1,231,746 Italy
86%
Valencia 1,168,526 Spain
86%
Venice 260,520 Italy
86%
Bordeaux 796,523 France
85%
Cork 208,669 Ireland
85%
Kraków 771,069 Poland
85%
Palermo 663,401 Italy
85%
Cologne 1,061,296 Germany
84%
Seville 846,634 Spain
84%
Antwerp 786,138 Belgium
83%
Bratislava 432,864 Slovakia
83%
Florence 542,610 Italy
83%
Strasbourg 421,629 France
83%
Thessaloniki 783,649 Greece
83%
Toulouse 878,733 France
83%
Gdańsk 466,631 Poland
82%
Malmö 317,245 Sweden
82%
Dresden 669,530 Germany
81%
Genoa 578,000 Italy
81%
Gothenburg 642,202 Sweden
81%
Lille 922,518 France
81%
The Hague 693,885 Netherlands
81%
Bremen 608,353 Germany
80%
Stuttgart 745,520 Germany
80%
Bilbao 347,372 Spain
79%
Leipzig 596,064 Germany
79%
Ljubljana 284,355 Slovenia
79%
Nicosia 226,467 Cyprus
79%
Düsseldorf 641,122 Germany
78%
Essen / Bochum / Gelsenkirchen / Oberhausen / Mülheim / Herne... 2,098,657 Germany
78%
Málaga 532,767 Spain
78%
Nantes 567,239 France
78%
Nuremberg 625,640 Germany
78%
Hanover 634,550 Germany
77%
Salzburg 155,031 Austria
77%
Bologna 460,661 Italy
76%
Brno 380,681 Czech Republic
76%
Palma 397,243 Spain
76%
Zaragoza 646,585 Spain
76%
Bari 320,862 Italy
75%
Dortmund 639,998 Germany
75%
Łódź 685,285 Poland
75%
Split 196,791 Croatia
75%
Graz 291,007 Austria
74%
Ghent 273,879 Belgium
72%
Innsbruck 131,989 Austria
72%
Montpellier 370,773 France
72%
Trieste 204,267 Italy
72%
Utrecht 368,531 Netherlands
72%
Wrocław 640,648 Poland
72%
Aarhus 277,086 Denmark
71%
Brest 164,120 France
71%
Catania 561,579 Italy
71%
Kiel 265,127 Germany
71%
Bonn 361,926 Germany
70%
Cagliari 286,155 Italy
68%
Kaunas 289,380 Lithuania
68%
Liège 430,836 Belgium
68%
Luxembourg 122,273 Luxembourg
68%
Bruges 108,150 Belgium
67%
Katowice 294,510 Poland
67%
Linz 206,604 Austria
67%
Verona 257,993 Italy
67%
Aachen 234,070 Germany
66%
Granada 354,042 Spain
66%
Poznań 536,438 Poland
66%
Rennes 278,989 France
66%
Szczecin 402,465 Poland
66%
Varna 336,505 Bulgaria
66%
Cluj-Napoca 331,974 Romania
65%
Dijon 220,287 France
65%
Eindhoven 276,979 Netherlands
64%
Heraklion 170,279 Greece
64%
A Coruña 294,270 Spain
63%
Le Havre 195,042 France
63%
Mannheim 304,339 Germany
63%
Murcia 272,480 Spain
63%
Alicante 323,174 Spain
62%
Córdoba 305,210 Spain
62%
Groningen 206,514 Netherlands
62%
Grenoble 403,029 France
61%
Tampere 337,541 Finland
61%
Vigo 291,433 Spain
61%
Plovdiv 346,893 Bulgaria
60%
Turku 274,896 Finland
60%
Augsburg 349,714 Germany
59%
Las Palmas 300,750 Spain
59%
Potsdam 163,996 Germany
59%
Reims 211,812 France
59%
Rostock 209,367 Germany
59%
Uppsala 162,089 Sweden
59%
Charleroi 278,856 Belgium
58%
Toulon 404,443 France
58%
Aalborg 115,908 Denmark
57%
Donostia-San Sebastián 191,641 Spain
57%
Freiburg im Breisgau 231,227 Germany
57%
Rouen 372,951 France
57%
Saarbrücken 174,725 Germany
57%
Cádiz 116,027 Spain
56%
Constanța 279,462 Romania
56%
Messina 232,555 Italy
56%
Metz 187,373 France
56%
Nancy 246,849 France
56%
Odense 179,601 Denmark
56%
Parma 196,518 Italy
56%
Bergamo 374,290 Italy
55%
Košice 238,757 Slovakia
55%
Lübeck 213,606 Germany
55%
Lublin 339,682 Poland
55%
Maastricht 118,905 Netherlands
55%
Mainz 200,706 Germany
55%
Ostrava 289,128 Czech Republic
55%
Oulu 202,586 Finland
55%
Padua 305,501 Italy
55%
Tours 269,993 France
55%
Bielefeld 302,345 Germany
54%
Karlsruhe 288,536 Germany
54%
Münster 277,766 Germany
54%
Pamplona 320,116 Spain
54%
Valladolid 293,504 Spain
54%
Caen 187,860 France
53%
Debrecen 201,432 Hungary
53%
Orléans 282,269 France
53%
Timișoara 329,243 Romania
53%
Duisburg 184,401 Germany
52%
Plzeň 172,441 Czech Republic
52%
Syracuse 103,979 Italy
51%
Brescia 273,063 Italy
50%
Girona 131,981 Spain
50%
Magdeburg 235,931 Germany
50%
Braga 137,206 Portugal
49%
Burgas 202,434 Bulgaria
49%
Gijón 258,039 Spain
49%
Modena 186,307 Italy
49%
Rijeka 117,415 Croatia
49%
Saint-Étienne 261,471 France
49%
Wuppertal 375,621 Germany
49%
Avignon 182,022 France
48%
Chemnitz 249,597 Germany
48%
Dunkirk 144,056 France
48%
Gdynia 246,309 Poland
48%
Klaipéda 149,157 Lithuania
48%
Santander 178,277 Spain
48%
Ulm 149,092 Germany
48%
Amiens 159,811 France
47%
Iași 298,033 Romania
47%
Clermont-Ferrand 229,377 France
46%
Erfurt 188,200 Germany
46%
Le Mans 171,063 France
46%
Mulhouse 222,420 France
46%
Nîmes 150,610 France
46%
Rimini 185,757 Italy
46%
Aix-en-Provence 142,482 France
45%
Bremerhaven 128,604 Germany
45%
Halle (Saale) 239,048 Germany
45%
León 163,151 Spain
45%
Oviedo 201,327 Spain
45%
Patras 168,160 Greece
45%
Perpignan 152,277 France
45%
Taranto 196,702 Italy
45%
Angers 218,520 France
44%
Haarlem 204,449 Netherlands
44%
Regensburg 144,272 Germany
44%
Wolfsburg 109,061 Germany
44%
Almería 184,384 Spain
43%
Białystok 297,459 Poland
43%
Limassol 178,513 Cyprus
43%
Limoges 177,426 France
43%
Mönchengladbach 253,577 Germany
43%
Salamanca 166,141 Spain
43%
Trento 118,288 Italy
43%
Breda 178,028 Netherlands
42%
Heidelberg 173,728 Germany
42%
Kassel 256,556 Germany
42%
Klagenfurt am Wörthersee 101,303 Austria
42%
Reggio di Calabria 168,721 Italy
42%
Bolzano 107,739 Italy
41%
Brașov 254,446 Romania
41%
Braunschweig 219,794 Germany
41%
Ingolstadt 124,825 Germany
41%
Livorno 161,123 Italy
41%
Ravenna 157,663 Italy
41%
Tarragona 111,969 Spain
41%
Trier 106,374 Germany
41%
Udine 126,175 Italy
41%
Wiesbaden 242,948 Germany
41%
Funchal (MA) 104,024 Portugal
40%
Bydgoszcz 350,178 Poland
39%
La Rochelle 106,118 France
39%
Leverkusen 138,297 Germany
39%
Linköping 116,368 Sweden
39%
Santa Cruz de Tenerife 307,782 Spain
39%
Tilburg 229,897 Netherlands
39%
Vitoria-Gasteiz 248,171 Spain
39%
Burgos 173,445 Spain
38%
Elche 190,934 Spain
38%
Flensburg 102,320 Germany
38%
Győr 132,038 Hungary
38%
Jena 104,517 Germany
38%
Nijmegen 186,601 Netherlands
38%
Pécs 142,873 Hungary
38%
Pescara 216,051 Italy
38%
Salerno 133,364 Italy
38%
Getafe 173,762 Spain
37%
Helsingborg 110,520 Sweden
37%
Huelva 143,519 Spain
37%
Oldenburg 176,762 Germany
37%
Sassari 123,637 Italy
37%
Annecy 148,540 France
36%
Badajoz 133,842 Spain
36%
Besançon 129,702 France
36%
Ferrara 132,052 Italy
36%
Larissa 140,276 Greece
36%
Örebro 124,027 Sweden
36%
Osnabrück 169,584 Germany
36%
Pau 137,985 France
36%
Perugia 153,826 Italy
36%
Reggio nell'Emilia 171,999 Italy
36%
Szeged 160,766 Hungary
36%
Arnhem 179,006 Netherlands
35%
Darmstadt 152,329 Germany
35%
Jerez de la Frontera 196,276 Spain
35%
Koblenz 120,675 Germany
35%
Leiden 205,968 Netherlands
35%
Leuven 134,831 Belgium
35%
Cartagena 155,119 Spain
34%
Enschede 151,081 Netherlands
34%
Marbella 133,667 Spain
34%
Würzburg 139,712 Germany
34%
Alkmaar 102,683 Netherlands
33%
Foggia 151,203 Italy
33%
Olomouc 100,523 Czech Republic
33%
Almere 207,904 Netherlands
32%
Jaén 108,937 Spain
32%
Paderborn 125,338 Germany
32%
Poitiers 107,298 France
32%
Västerås 126,190 Sweden
32%
Craiova 255,108 Romania
31%
Częstochowa 222,292 Poland
31%
Galați 234,412 Romania
31%
Göttingen 110,449 Germany
31%
Hamm 171,951 Germany
31%
Prato 194,590 Italy
31%
s-Hertogenbosch 146,335 Netherlands
31%
Vicenza 110,790 Italy
31%
Zwolle 126,072 Netherlands
31%
Albacete 166,987 Spain
30%
Castelló de la Plana 145,118 Spain
30%
Latina 118,376 Italy
30%
Liberec 104,445 Czech Republic
30%
Lleida 132,461 Spain
30%
Toruń 202,074 Poland
30%
Apeldoorn 146,060 Netherlands
29%
Dordrecht 222,744 Netherlands
29%
Krefeld 221,252 Germany
29%
Lahti 119,459 Finland
29%
Ludwigshafen am Rhein 164,457 Germany
29%
Mons 150,292 Belgium
29%
Lens / Liévin 269,029 France
28%
Saint-Denis (RE) 147,931 France
28%
Troyes 132,168 France
28%
Amersfoort 156,286 Netherlands
27%
Arad 154,131 Romania
27%
Bayonne 146,127 France
27%
Kielce 195,774 Poland
27%
Logroño 150,844 Spain
27%
Miskolc 154,521 Hungary
27%
Oradea 191,520 Romania
27%
Radom 213,029 Poland
27%
Algeciras 120,782 Spain
26%
Erlangen 101,396 Germany
26%
Hagen 206,751 Germany
26%
Ourense 105,233 Spain
26%
Piacenza 103,942 Italy
26%
Ploiești 197,549 Romania
26%
Rzeszów 191,564 Poland
26%
Gliwice 179,806 Poland
25%
Heilbronn 113,632 Germany
25%
Opole 128,137 Poland
25%
Sabadell 277,639 Spain
25%
Delft 125,448 Netherlands
24%
Forlì 117,798 Italy
24%
Jyväskylä 126,606 Finland
24%
Novara 104,279 Italy
24%
Offenbach am Main 151,807 Germany
24%
Pforzheim 116,183 Germany
24%
Ruse 142,902 Bulgaria
24%
Sibiu 148,564 Romania
24%
Terrassa 221,853 Spain
24%
Neuss 161,216 Germany
23%
Olsztyn 172,362 Poland
23%
Šiauliai 101,514 Lithuania
23%
Solingen 156,625 Germany
23%
Treviso 118,445 Italy
23%
Valenciennes 136,404 France
23%
Volos 118,185 Greece
23%
Chambéry 119,042 France
22%
Kortrijk 139,418 Belgium
22%
Leganés 176,575 Spain
22%
Reus 101,556 Spain
22%
Stara Zagora 135,715 Bulgaria
22%
Terni 110,749 Italy
22%
Zielona Góra 140,297 Poland
22%
Baia Mare 119,036 Romania
21%
Dos Hermanas 130,470 Spain
21%
Elbląg 120,142 Poland
21%
Pitești 147,103 Romania
21%
Reutlingen 115,821 Germany
21%
Bacău 136,906 Romania
20%
Bergisch Gladbach 106,784 Germany
20%
Bielsko-Biała 171,259 Poland
20%
Brăila 162,469 Romania
20%
Bytom 166,795 Poland
20%
Móstoles 201,267 Spain
20%
Płock 120,000 Poland
20%
Târgu Mureș 130,431 Romania
20%
Alcorcón 166,441 Spain
19%
Koszalin 107,321 Poland
19%
Mataró 129,212 Spain
19%
Sosnowiec 202,036 Poland
19%
Zabrze 173,374 Poland
19%
Alcalá de Henares 195,431 Spain
18%
Gorzów Wielkopolski 123,921 Poland
18%
Heerlen 173,591 Netherlands
18%
Moers 204,617 Germany
18%
Tarnów 109,062 Poland
18%
Zoetermeer 128,844 Netherlands
18%
Birkirkara (Northern Harbour) 179,441 Malta
17%
Fuenlabrada 191,503 Spain
17%
Ludwigsburg 101,507 Germany
17%
Nyíregyháza 116,799 Hungary
17%
Recklinghausen 110,759 Germany
17%
Tychy 127,831 Poland
17%
Varese 130,583 Italy
17%
Zaandam 112,727 Netherlands
17%
Buzău 105,896 Romania
16%
Fort-de-France 100,038 France
16%
Kecskemét 110,687 Hungary
16%
Torrejón de Ardoz 130,717 Spain
16%
Wałbrzych 112,594 Poland
16%
Barakaldo 100,217 Spain
15%
Chorzów 108,434 Poland
15%
Douai 110,839 France
15%
Remscheid 107,778 Germany
15%
Rybnik 138,696 Poland
15%
Włocławek 110,802 Poland
15%
Alcobendas 198,095 Spain
14%
Parla 130,103 Spain
14%
Kalisz 100,975 Poland
13%
Ruda Śląska 138,000 Poland
13%
Almada 215,970 Portugal
12%
Dąbrowa Górnicza 120,259 Poland
12%
Torremolinos 118,309 Spain
12%
Anzio 100,684 Italy
11%
Fuengirola 123,859 Spain
11%
Iserlohn 103,254 Germany
11%
Getxo 123,074 Spain
10%
Coslada 121,048 Spain
7%
Portugalete / Santurtzi / Sestao 118,838 Spain
6%
Viladecans / Gavà 113,313 Spain
5%
No matching quizzes found
Score Distribution
Percent of People with Each Score
Percentile by Number Answered
Your Score History
You have not taken this quiz since the last reset